00691nam a2200253 a 4500001001300000003000900013005001700022008004100039020001000080082001600090100001600106245004100122260004500163300000800208500003500216505001000251650002300261650000800284700001600292902000800308942000700316952009700323999001700420nice12345678IN_TiNIC20260116014455.0070416s1995 newa grp 000 0 eng  ac20000a345.05bMAT aMathew, P D aCriminal Procedure Codeb Simplified aNew DelhibIndian Social Institutec1995 a488 aincludes index and biblioraphy2 aIndex aCriminal Procedure aLaw1 aMathew, P D bSRC cBK 00114070aHMIbHMId2013-03-13g200.00l0o345.05 MATp021739r2013-03-13w2026-01-16yBK c15512d15512